[Event "EU-ch U18 Girls 27th"]
[Site "Mamaia"]
[Date "2017.09.14"]
[Round "9"]
[White "Zach, Asif"]
[Black "Mircheva, Nona"]
[Result "1-0"]
[WhiteElo "1600"]
[BlackElo "1819"]
[PlyCount "53"]
[EventDate "2017.09.05"]
[EventType "swiss"]
[EventRounds "9"]
[EventCountry "ROU"]
[SourceTitle "EXT 2018"]
[Source "ChessBase"]
[SourceDate "2017.10.13"]
[SourceVersion "1"]
[SourceVersionDate "2017.10.13"]
[SourceQuality "1"]

1. e4 d5 2. exd5 Nf6 3. Nf3 Nxd5 4. d4 g6 5. Be2 Bg7 6. 0-0 0-0 7. c4 Nb6 8. Be3 Nc6 9. Nc3 Bg4 10. d5 Bxf3 11. Bxf3 Ne5 12. c5 Nbc4 13. Bc1 b6 14. Be2 bxc5 15. f4 Nb6 16. fxe5 Bxe5 17. Bf3 Qd6 18. h3 Rab8 19. Ne4 Bd4+ 20. Qxd4 cxd4 21. Nxd6 cxd6 22. Rd1 e5 23. dxe6 fxe6 24. Rxd4 Rfd8 25. b3 e5 26. Rd2 e4 27. Ba3 1-0

[Event "EU-ch U18 Girls 27th"]
[Site "Mamaia"]
[Date "2017.09.11"]
[Round "6"]
[White "O'Gorman, Alice"]
[Black "Zach, Asif"]
[Result "1/2-1/2"]
[WhiteElo "1894"]
[BlackElo "1600"]
[PlyCount "89"]
[EventDate "2017.09.05"]
[EventType "swiss"]
[EventRounds "9"]
[EventCountry "ROU"]
[SourceTitle "CBM 180 Extra"]
[Source "ChessBase"]
[SourceDate "2017.10.06"]
[SourceVersion "1"]
[SourceVersionDate "2017.10.06"]
[SourceQuality "1"]

1. e4 c5 2. Nf3 g6 3. d4 cxd4 4. Nxd4 Nf6 5. Nc3 Nc6 6. Be3 Bg7 7. f3 0-0 8. Qd2 d5 9. exd5 Nxd5 10. Nxd5 Qxd5 11. Nxc6 Qxc6 12. c3 Be6 13. Bd3 Rfd8 14. Qc2 Rac8 15. 0-0 b5 16. Rad1 Bc4 17. Bxc4 Qxc4 18. Rxd8+ Rxd8 19. Rd1 Rc8 20. Qd3 h5 21. Qxc4 Rxc4 22. Rd8+ Kh7 23. Rd7 a5 24. Rxe7 Kg8 25. Bb6 Ra4 26. a3 b4 27. cxb4 axb4 28. Re4 Ra6 29. Bc5 bxa3 30. Bxa3 Rb6 31. Re2 Rb3 32. Kf1 f5 33. Ke1 g5 34. Kd1 g4 35. fxg4 hxg4 36. Kc2 Rb5 37. Kd3 Re5 38. Rf2 Bh6 39. Kd4 Bg7 40. Kd3 Bh6 41. Bb4 Re3+ 42. Kc4 Re4+ 43. Kb5 f4 44. Rd2 g3 45. hxg3 1/2-1/2

[Event "EU-ch U18 Girls 27th"]
[Site "Mamaia"]
[Date "2017.09.06"]
[Round "2"]
[White "Nass, Sara"]
[Black "Zach, Asif"]
[Result "1/2-1/2"]
[WhiteElo "1804"]
[BlackElo "1600"]
[PlyCount "98"]
[EventDate "2017.09.05"]
[EventType "swiss"]
[EventRounds "9"]
[EventCountry "ROU"]
[SourceTitle "CBM 180 Extra"]
[Source "ChessBase"]
[SourceDate "2017.10.06"]
[SourceVersion "1"]
[SourceVersionDate "2017.10.06"]
[SourceQuality "1"]

1. e4 c5 2. Nf3 g6 3. d4 cxd4 4. Nxd4 Bg7 5. c4 Nc6 6. Be3 Nf6 7. Nc3 d6 8. Be2 0-0 9. 0-0 Bd7 10. Qd2 Nxd4 11. Bxd4 Bc6 12. f3 a5 13. Nd5 Bxd5 14. exd5 Nd7 15. Bxg7 Kxg7 16. Qd4+ Kg8 17. f4 Qb6 18. Qxb6 Nxb6 19. b3 Nd7 20. Bg4 Nc5 21. Rae1 Rfe8 22. Re3 Ra6 23. f5 Rb6 24. Rfe1 Kf8 25. f6 a4 26. bxa4 Rb4 27. fxe7+ Kg7 28. a3 Rxc4 29. Be2 Re4 30. Rxe4 Nxe4 31. Bd3 Nc3 32. Bb5 Nxb5 33. axb5 Kf6 34. b6 Rxe7 35. Rxe7 Kxe7 36. a4 f5 37. a5 Kd7 38. Kf2 g5 39. Ke3 Kc8 40. Kd4 Kb8 41. h3 Kc8 42. Kc4 Kb8 43. Kb5 h6 44. Kb4 Kc8 45. Kc4 Kb8 46. Kb5 Ka8 47. Kc4 Kb8 48. Kb5 Ka8 49. Kc4 Kb8 1/2-1/2

[Event "EU-ch U18 Girls 27th"]
[Site "Mamaia"]
[Date "2017.09.05"]
[Round "1"]
[White "Zach, Asif"]
[Black "Rogozenco, Teodora Nana"]
[Result "0-1"]
[WhiteElo "1600"]
[BlackElo "2024"]
[PlyCount "54"]
[EventDate "2017.09.05"]
[EventType "swiss"]
[EventRounds "9"]
[EventCountry "ROU"]
[SourceTitle "CBM 180 Extra"]
[Source "ChessBase"]
[SourceDate "2017.10.06"]
[SourceVersion "1"]
[SourceVersionDate "2017.10.06"]
[SourceQuality "1"]

1. e4 c5 2. Nf3 d6 3. d4 cxd4 4. Nxd4 Nf6 5. Nc3 g6 6. Bc4 Bg7 7. f3 Nc6 8. Be3 0-0 9. Bb3 Bd7 10. Qd2 Ne5 11. 0-0-0 Rb8 12. g4 b5 13. Kb1 a5 14. a3 a4 15. Ba2 b4 16. axb4 Rxb4 17. Rdf1 Qb6 18. Nd1 Nexg4 19. c3 Nxe3 20. Nxe3 Rb3 21. Bxb3 axb3 22. Nc4 Qa6 23. Na3 Bh3 24. Re1 Nd7 25. Nxb3 Rb8 26. Nc2 Qa4 27. Qd5 Be6 0-1

[Event "ISR-chT 1415 (Women)"]
[Site "Beersheba"]
[Date "2015.06.12"]
[Round "2.2"]
[White "Zach, Asif"]
[Black "Lahav, Michal"]
[Result "0-1"]
[WhiteElo "1642"]
[BlackElo "1953"]
[PlyCount "88"]
[EventDate "2015.06.11"]
[EventType "team-tourn"]
[EventRounds "5"]
[EventCountry "ISR"]
[SourceTitle "EXT 2016"]
[Source "ChessBase"]
[SourceDate "2015.10.08"]
[SourceVersion "1"]
[SourceVersionDate "2015.10.08"]
[SourceQuality "1"]
[WhiteTeam "Ramat Gan (W)"]
[BlackTeam "Rishon Le Zion (W)"]
[WhiteTeamCountry "ISR"]
[BlackTeamCountry "ISR"]

1. e4 c5 2. Nf3 d6 3. d4 cxd4 4. Nxd4 Nf6 5. Nc3 g6 6. h3 Bg7 7. Bc4 0-0 8. Bb3 Nc6 9. Be3 Qa5 10. 0-0 Bd7 11. f4 Rac8 12. f5 a6 13. fxg6 hxg6 14. Nxc6 Bxc6 15. Qd3 Qh5 16. Rf3 Nd7 17. Bd4 Bxd4+ 18. Qxd4 Qc5 19. Qe3 Kg7 20. Kh1 Qxe3 21. Rxe3 Nc5 22. Bd5 e6 23. Bxc6 Rxc6 24. Rd1 b5 25. a3 Rh8 26. Rf3 Rh4 27. g4 Nd7 28. Kg2 Ne5 29. Rf2 Rc8 30. Rxd6 Rch8 31. Rxa6 Rxh3 32. Ra7 R3h4 33. Kf1 Rxg4 34. Nxb5 Rh1+ 35. Ke2 Rxe4+ 36. Kd2 Rh3 37. b3 g5 38. Nc3 Rd4+ 39. Kc1 Rxc3 40. Rg2 Kg6 41. b4 f5 42. b5 Nc4 43. a4 Re4 44. Rd7 Ra3 0-1